Anteproyecto de Nueva Ley General de Educación (Record no. 9578)
[ view plain ]
| 000 -LEADER | |
|---|---|
| campo de control de longitud fija | 00462nam a2200145Ia 4500 |
| 001 - NÚMERO DE CONTROL | |
| campo de control | 555 |
| 008 - DATOS DE LONGITUD FIJA--INFORMACIÓN GENERAL | |
| campo de control de longitud fija | 241024s9999 xx 000 0 und d |
| 082 ## - NÚMERO DE LA CLASIFICACIÓN DECIMAL DEWEY | |
| Número de clasificación | RD/344.07/R426a/2 |
| 100 ## - ENTRADA PRINCIPAL--NOMBRE DE PERSONA | |
| Nombre de persona | República Dominicana.Secretaria de Estado de Educación Bellas Artes y Cultos. Congreso Nacional de Educación |
| 245 #0 - MENCIÓN DEL TÍTULO | |
| Título | Anteproyecto de Nueva Ley General de Educación |
| 260 ## - PUBLICACIÓN, DISTRIBUCIÓN, ETC. | |
| Nombre del editor, distribuidor, etc. | De Colores |
| Fecha de publicación, distribución, etc. | 1992 |
| 590 ## - NOTA LOCAL (RLIN) | |
| Nota local | si |
| 901 ## - ELEMENTOS DE DATOS A LOCAL LDA (RLIN) | |
| a | 16/11/2010 11:02:57 a.m. |
No items available.